[Event "Sabadell Coral Colon op 12th"]
[Site "Sabadell"]
[Date "2018.03.09"]
[Round "5"]
[White "Del Rio Crespo, Jose Antonio"]
[Black "Garcia Gil, Oriol"]
[Result "0-1"]
[WhiteElo "1384"]
[BlackElo "1566"]
[PlyCount "26"]
[EventDate "2018.02.09"]
[EventType "swiss"]
[EventRounds "9"]
[EventCountry "ESP"]
[SourceTitle "EXT 2019"]
[Source "ChessBase"]
[SourceDate "2018.10.10"]
[SourceVersion "1"]
[SourceVersionDate "2018.10.10"]
[SourceQuality "1"]

1. d4 Nf6 2. c4 c5 3. Nf3 cxd4 4. Nxd4 g6 5. Bg5 Bg7 6. Nc3 Nc6 7. e3 0-0 8. Be2 d6 9. 0-0 Bd7 10. a3 Rc8 11. Qd2 Na5 12. b3 e5 13. Ndb5 Nxb3 0-1

[Event "Sabadell Coral Colon op 12th"]
[Site "Sabadell"]
[Date "2018.03.02"]
[Round "4"]
[White "Garcia Gil, Oriol"]
[Black "Morais Carreras, Javier"]
[Result "0-1"]
[WhiteElo "1566"]
[BlackElo "1917"]
[PlyCount "38"]
[EventDate "2018.02.09"]
[EventType "swiss"]
[EventRounds "9"]
[EventCountry "ESP"]
[SourceTitle "EXT 2019"]
[Source "ChessBase"]
[SourceDate "2018.10.10"]
[SourceVersion "1"]
[SourceVersionDate "2018.10.10"]
[SourceQuality "1"]

1. e4 e5 2. Nf3 Nf6 3. Nc3 Bb4 4. d3 d5 5. exd5 Nxd5 6. Bd2 Nc6 7. Nxd5 Bxd2+ 8. Qxd2 Qxd5 9. h3 Be6 10. Be2 0-0-0 11. a3 e4 12. Ng5 Bf5 13. 0-0-0 Qa2 14. Qf4 Nd4 15. Bf1 Rhe8 16. Nxe4 Bxe4 17. dxe4 Qa1+ 18. Kd2 Ne6+ 19. Ke3 Qxd1 0-1

[Event "Roncana op-C U14 7th"]
[Site "Santa Eulalia de Roncana"]
[Date "2013.11.23"]
[Round "7"]
[White "Garcia Gil, Oriol"]
[Black "Barrios Rosas, Marti"]
[Result "1-0"]
[WhiteElo "1826"]
[BlackElo "1710"]
[PlyCount "65"]
[EventDate "2013.10.05"]
[EventType "swiss"]
[EventRounds "8"]
[EventCountry "ESP"]
[SourceTitle "EXT 2015"]
[Source "ChessBase"]
[SourceDate "2014.11.20"]
[SourceVersion "1"]
[SourceVersionDate "2014.11.20"]
[SourceQuality "1"]

1. e4 c5 2. Nc3 Nc6 3. Bc4 Nf6 4. Nf3 e5 5. d3 Be7 6. 0-0 0-0 7. Be3 d6 8. a3 Re8 9. Qe2 Nd4 10. Bxd4 cxd4 11. Nd5 Nxd5 12. Bxd5 Bg5 13. c3 dxc3 14. bxc3 Qf6 15. Nxg5 Qxg5 16. Qe3 Qg6 17. d4 exd4 18. cxd4 Rb8 19. f4 Re7 20. f5 Qf6 21. Rfe1 Bd7 22. g3 h6 23. Re2 Bxf5 24. e5 dxe5 25. dxe5 Rxe5 26. Qxe5 Qb6+ 27. Qe3 Qb5 28. Qe5 Rd8 29. Bxf7+ Kxf7 30. Qxb5 Bd3 31. Rf2+ Kg8 32. Qxb7 a6 33. Rd2 1-0

[Event "Roncana op-C U14 7th"]
[Site "Santa Eulalia de Roncana"]
[Date "2013.10.26"]
[Round "4"]
[White "Garcia Gil, Oriol"]
[Black "Punsola Mena, Pol"]
[Result "1/2-1/2"]
[WhiteElo "1826"]
[BlackElo "1731"]
[PlyCount "100"]
[EventDate "2013.10.05"]
[EventType "swiss"]
[EventRounds "8"]
[EventCountry "ESP"]
[SourceTitle "EXT 2015"]
[Source "ChessBase"]
[SourceDate "2014.11.20"]
[SourceVersion "1"]
[SourceVersionDate "2014.11.20"]
[SourceQuality "1"]

1. e4 e5 2. Nf3 Nf6 3. Nxe5 d6 4. Nf3 Nxe4 5. Qe2 Qe7 6. d3 Nf6 7. Qxe7+ Bxe7 8. g3 Nc6 9. Bg2 Nb4 10. Nd4 c5 11. a3 Nxd3+ 12. cxd3 cxd4 13. 0-0 0-0 14. Bg5 Re8 15. Re1 Bf5 16. Nd2 Bxd3 17. Bxf6 Bxf6 18. Rxe8+ Rxe8 19. Bf1 Be4 20. Nxe4 Rxe4 21. Rc1 h6 22. Bd3 Re8 23. Bb5 Bg5 24. f4 Re3 25. fxg5 hxg5 26. Kf2 g4 27. Re1 Rf3+ 28. Ke2 a6 29. Bd3 Re3+ 30. Kd2 Rxe1 31. Kxe1 f6 32. Bf5 b6 33. Bxg4 a5 34. a4 Kh8 35. Kd2 g5 36. Kd3 Kg7 37. Kxd4 Kg6 38. Kd5 f5 39. Bxf5+ Kxf5 40. Kxd6 Kg4 41. Kc6 Kh3 42. Kxb6 g4 43. Kxa5 Kxh2 44. Kb6 Kxg3 45. a5 Kh2 46. a6 g3 47. a7 g2 48. a8Q g1Q+ 49. Kb7 Qg2+ 50. Ka7 Qxb2 1/2-1/2